An assessment of table fish marketing channel and the demand of table fish in the project areas, ការវាយតំកៃលើបណ្ដាញទីផ្សារត្រីសាច់និងតំរូវការសាច់នៅក្នុងតំបន់របស់គ្រោងការណ៍ (Record no. 3757)
[ view plain ]
| 000 -LEADER | |
|---|---|
| fixed length control field | 00677nam a22001577a 4500 |
| 003 - CONTROL NUMBER IDENTIFIER | |
| control field | OSt |
| 005 - DATE AND TIME OF LATEST TRANSACTION | |
| control field | 20151130151409.0 |
| 008 - FIXED-LENGTH DATA ELEMENTS--GENERAL INFORMATION | |
| fixed length control field | 151130b xxu||||| |||| 00| 0 eng d |
| 040 ## - CATALOGING SOURCE | |
| Transcribing agency | RUA |
| 082 ## - DEWEY DECIMAL CLASSIFICATION NUMBER | |
| Classification number | FIS KER 1999 B169 Or.1 |
| 100 ## - MAIN ENTRY--PERSONAL NAME | |
| 9 (RLIN) | 4034 |
| Personal name | KER, NARET. |
| 245 ## - TITLE STATEMENT | |
| Title | An assessment of table fish marketing channel and the demand of table fish in the project areas, ការវាយតំកៃលើបណ្ដាញទីផ្សារត្រីសាច់និងតំរូវការសាច់នៅក្នុងតំបន់របស់គ្រោងការណ៍ |
| 260 ## - PUBLICATION, DISTRIBUTION, ETC. (IMPRINT) | |
| Place of publication, distribution, etc. | Phnom Penh |
| Name of publisher, distributor, etc. | RUA |
| Date of publication, distribution, etc. | 1999 |
| 300 ## - PHYSICAL DESCRIPTION | |
| Extent | 42p. |
| Other physical details | ill. |
| Dimensions | 29cm. |
| 942 ## - ADDED ENTRY ELEMENTS (KOHA) | |
| Source of classification or shelving scheme | |
| Koha item type | FIS |
| Price effective from | Date last seen | Permanent Location | Not for loan | Date acquired | Source of classification or shelving scheme | Koha item type | Lost status | Withdrawn status | Date last checked out | Total Checkouts | Shelving location | Damaged status | Barcode | Current Location | Full call number |
|---|---|---|---|---|---|---|---|---|---|---|---|---|---|---|---|
| 2015-11-30 | 2015-11-30 | Library Block B | 2015-11-30 | FIS | B169 | RUA025588 | Library Block B | FIS KER 1999 B169 Or.1 | |||||||
| 2015-11-30 | 2020-08-24 | Library Block B | 2015-11-30 | FIS | 2020-08-12 | 5 | B169 | RUA025514 | Library Block B | FIS KER 1999 B169 Or.2 | |||||
| 2015-11-30 | 2015-11-30 | Library Block B | 2015-11-30 | FIS | B169 | RUA025954 | Library Block B | FIS KER 1999 B169 Or.3 | |||||||
| 2015-11-30 | 2015-11-30 | Library Block B | 2015-11-30 | FIS | B169 | RUA025633 | Library Block B | FIS KER 1999 B169 Or.4 | |||||||
| 2015-11-30 | 2015-11-30 | Library Block B | 2015-11-30 | FIS | B169 | RUA025659 | Library Block B | FIS KER 1999 B169 Or.5 | |||||||
| 2015-11-30 | 2015-11-30 | Library Block B | 2015-11-30 | FIS | B169 | RUA025515 | Library Block B | FIS KER 1999 B169 Or.6 | |||||||
| 2015-11-30 | 2015-11-30 | Library Block B | 2015-11-30 | FIS | B169 | RUA027057 | Library Block B | FIS KER 1999 B169 Or.7 | |||||||
| 2015-11-30 | 2015-11-30 | Library Block B | 2015-11-30 | FIS | B169 | RUA027042 | Library Block B | FIS KER 1999 B169 Or.8 | |||||||
| 2015-11-30 | 2016-11-18 | Library Block B | 2015-11-30 | FIS | 2016-10-10 | 1 | B169 | RUA043274 | Library Block B | FIS KER 1999 B169 Or.9 |